| 000 -LEADER |
| fixed length control field |
00342nam a22001217a 4500 |
| 008 - FIXED-LENGTH DATA ELEMENTS--GENERAL INFORMATION |
| fixed length control field |
200706b ||||| |||| 00| 0 eng d |
| 020 ## - INTERNATIONAL STANDARD BOOK NUMBER |
| International Standard Book Number |
9788192819006 |
| 082 ## - DEWEY DECIMAL CLASSIFICATION NUMBER |
| Classification number |
728.0954 |
| Item number |
NAG |
| 100 ## - MAIN ENTRY--PERSONAL NAME |
| Personal name |
Nagarajan, T. S. |
| 245 ## - TITLE STATEMENT |
| Title |
T.S. Nagarajan : vanishing homes of India Nagarajan, T. S. |
| 260 ## - PUBLICATION, DISTRIBUTION, ETC. (IMPRINT) |
| Place of publication, distribution, etc |
Mumbai |
| Name of publisher, distributor, etc |
HECAR Foundation |
| Date of publication, distribution, etc |
2013 |
| 942 ## - ADDED ENTRY ELEMENTS (KOHA) |
| Source of classification or shelving scheme |
|